Smallville. The complete second season [disc 1] ... Read More
Available copies
- 1 of 1 copy available at LARL/NWRL Consortium.
Current holds
0 current holds with 1 total copy.
Show Only Available Copies
| Location | Call Number / Copy Notes | Barcode | Shelving Location | Status | Due Date |
|---|---|---|---|---|---|
| Grygla LINK Site | DVD SMA (Text) | 35500004075857 | Main | Available | - |
Record details
- ISBN: 0790776146 (set)
- ISBN: 9780790776149 (set)
- Physical Description: 1 videodisc (165 min.) : sd., col. ; 4 3/4 in.
- Publisher: Burbank, CA : Warner Bros. Entertainment, Inc. : 2004
Content descriptions
| General Note: | Title from container. Originally broadcast on television in 2002. Smallville is based on DC comics characters developed for television by Alfred Gough and Miles ... Read More |
| Participant or Performer Note: | Tom Welling, Kristin Kreuk, Michael Rosenbaum, Sam ... Read More |
| Summary, etc.: | Contains episodes 1-4. |
| Target Audience Note: | MPAA rating: Not rated. |
| System Details Note: | DVD, region 1, widescreen presentation; Dolby ... Read More |
| Language Note: | English dialogue, English, French or Spanish ... Read More |
Search for related items by subject
| Subject: | Superman (Fictitious character) > Drama. Teenage boys > Drama. |
| Genre: | DVDs. Television programs. Video recordings for the hearing impaired. |
| LDR | 02854cgm a2200673Ka 4500 | ||
|---|---|---|---|
| 001 | 83931 | ||
| 003 | LARL_NWRL_CONSORTIUM | ||
| 005 | 20070907164015.0 | ||
| 007 | vd cvaizs | ||
| 008 | 040517p20042002cau165 g vleng d | ||
| 020 | . | ‡a0790776146 (set) | |
| 020 | . | ‡a9780790776149 (set) | |
| 024 | 1 | . | ‡a085392425624 |
| 035 | . | ‡a(OCoLC)55154388 | |
| 037 | . | ‡bMidwest Tapes ‡nhttp://www.midwesttapes.com | |
| 040 | . | ‡aTEFMT ‡cTEFMT ‡dRCS ‡dOCLCQ ‡dRCS ‡dNRG | |
| 041 | 0 | . | ‡aeng ‡beng ‡bfre ‡bspa |
| 082 | 0 | 4. | ‡a791.45/75 ‡222 |
| 245 | 0 | 0. | ‡aSmallville. ‡nThe complete second season [disc 1] ‡h[DVD/videorecording] / ‡cthe WB presents ; Warner Bros. Television ; written by Philip Levens ... [et al.] ; directed by Greg Beeman ... [et al.]. |
| 246 | 1 | . | ‡iAt head of title: ‡aWB presents |
| 260 | . | ‡aBurbank, CA : ‡bWarner Bros. Entertainment, Inc. : ‡bDistributed by Warner Home Video Inc., ‡c2004 | |
| 300 | . | ‡a1 videodisc (165 min.) : ‡bsd., col. ; ‡c4 3/4 in. | |
| 538 | . | ‡aDVD, region 1, widescreen presentation; Dolby Digital stereo. | |
| 546 | . | ‡aEnglish dialogue, English, French or Spanish subtitles; closed-captioned. | |
| 500 | . | ‡aTitle from container. | |
| 511 | 1 | . | ‡aTom Welling, Kristin Kreuk, Michael Rosenbaum, Sam Jones III, Allison Mack, John Glover, Annette O'Toole, John Schneider. |
| 500 | . | ‡aOriginally broadcast on television in 2002. | |
| 500 | . | ‡aSmallville is based on DC comics characters developed for television by Alfred Gough and Miles Millar ; Superman created by Jerry Siegel and Joe Shuster. | |
| 521 | 8 | . | ‡aMPAA rating: Not rated. |
| 520 | . | ‡aContains episodes 1-4. | |
| 650 | 0. | ‡aSuperman (Fictitious character) ‡vDrama. | |
| 650 | 0. | ‡aTeenage boys ‡vDrama. ‡0(LARL_NWRL_CONSORTIUM)175439 | |
| 655 | 0. | ‡aDVDs. | |
| 655 | 0. | ‡aTelevision programs. ‡0(LARL_NWRL_CONSORTIUM)175822 | |
| 655 | 0. | ‡aVideo recordings for the hearing impaired. ‡0(LARL_NWRL_CONSORTIUM)175744 | |
| 700 | 1 | . | ‡aLevens, Philip. |
| 700 | 1 | . | ‡aBeeman, Greg. |
| 700 | 1 | . | ‡aWelling, Tom, ‡d1977- ‡0(LARL_NWRL_CONSORTIUM)209330 |
| 700 | 1 | . | ‡aKreuk, Kristin, ‡d1982- ‡0(LARL_NWRL_CONSORTIUM)206724 |
| 700 | 1 | . | ‡aRosenbaum, Michael. ‡0(LARL_NWRL_CONSORTIUM)219268 |
| 700 | 1 | . | ‡aJones, Sam, ‡d1983- ‡0(LARL_NWRL_CONSORTIUM)210236 |
| 700 | 1 | . | ‡aMack, Allison, ‡d1982- ‡0(LARL_NWRL_CONSORTIUM)215227 |
| 700 | 1 | . | ‡aGlover, John, ‡d1944- ‡0(LARL_NWRL_CONSORTIUM)143516 |
| 700 | 1 | . | ‡aO'Toole, Annette, ‡d1953- ‡0(LARL_NWRL_CONSORTIUM)141267 |
| 700 | 1 | . | ‡aSchneider, John, ‡d1960- ‡0(LARL_NWRL_CONSORTIUM)106472 |
| 700 | 1 | . | ‡aGough, Alfred, ‡d1967- ‡0(LARL_NWRL_CONSORTIUM)149775 |
| 700 | 1 | . | ‡aMillar, Miles. ‡0(LARL_NWRL_CONSORTIUM)200223 |
| 700 | 1 | . | ‡aSiegel, Jerry, ‡d1914-1996. ‡0(LARL_NWRL_CONSORTIUM)118216 |
| 700 | 1 | . | ‡aShuster, Joe. ‡0(LARL_NWRL_CONSORTIUM)156453 |
| 700 | 1 | . | ‡aReeve, Christopher, ‡d1952-2004. ‡0(LARL_NWRL_CONSORTIUM)7946 |
| 710 | 2 | . | ‡aWB Television Network. ‡0(LARL_NWRL_CONSORTIUM)219139 |
| 710 | 2 | . | ‡aWarner Bros. Television. ‡0(LARL_NWRL_CONSORTIUM)87511 |
| 710 | 2 | . | ‡aWarner Bros. Entertainment. ‡0(LARL_NWRL_CONSORTIUM)191744 |
| 710 | 2 | . | ‡aDC Comics, Inc. ‡0(LARL_NWRL_CONSORTIUM)1451 |
| 710 | 2 | . | ‡aWarner Home Video (Firm) ‡0(LARL_NWRL_CONSORTIUM)139520 |
| 901 | . | ‡a83931 ‡bOCLC ‡c83931 ‡tbiblio | |

Add to basket
Permalink
Enable Highlighting